000 00500nam a22001577a 4500
003 macl
005 20201024163216.0
008 201024b xxu||||| |||| 00| 0 eng d
040 _cmacl
082 _a800/DEV
100 _aडॉ देवेंद्र दीपक
_980467
245 _aसृष्टि उनकी दृष्टि मेरी
260 _aदिल्‍ली
_bयश पब्लिकेशन
_c2017
650 _aरचनावली
_9163
942 _2ddc
_cHIN
999 _c63821
_d63821